000 00244nam a2200097Ia 4500
008 240331s9999 xx 000 0 und d
082 _bANA
100 _aBalasuriya, T.. tr.
245 3 _aAn anthology of Sinhal short stories in English
942 _cL
999 _c3084
_d3084